Maps and mythology : what Israeli records reveal about the land and the people of Palestine /

Bibliographic Details
Main Author: Henderson, Edward F.
Corporate Author: American Educational Trust
Format: Book
Language:English
Published: Washington, D.C. : American Educational Trust, [1982?]
Subjects:

MARC

Tag First Indicator Second Indicator Subfields
LEADER 00000cam a2200000Ia 4500
001 in00001854792
005 20151026100327.0
008 821103s1982 dcub 000 0 eng d
035 |a (OCoLC)ocm08916477 
040 |a FUG  |c FUG  |d TXA  |d UtOrBLW 
043 |a a-is--- 
049 |a TXAM 
090 |a DS126.75  |b .H46 1982 
100 1 |a Henderson, Edward F. 
245 1 0 |a Maps and mythology :  |b what Israeli records reveal about the land and the people of Palestine /  |c by Edward F. Henderson. 
264 1 |a Washington, D.C. :  |b American Educational Trust,  |c [1982?] 
300 |a 19 pages :  |b maps ;  |c 23 cm. 
336 |a text  |b txt  |2 rdacontent 
337 |a unmediated  |b n  |2 rdamedia 
338 |a volume  |b nc  |2 rdacarrier 
500 |a Cover title. 
651 0 |a Palestine  |x Politics and government. 
650 0 |a Propaganda, Zionist. 
650 0 |a Jewish-Arab relations. 
710 2 |a American Educational Trust. 
994 |a E0  |b TXA 
948 |a cataloged  |b h  |c 2004/8/24  |d c  |e mzajicek  |f 10:50:12 am 
999 |a MARS 
999 f f |s 728766a0-5909-334e-a3cc-b55b9631750a  |i 102fabb1-6939-31da-a195-b7c8b8a9f7ff  |t 0 
952 f f |p noncirc  |a Texas A&M University  |b College Station  |c Cushing Memorial Library & Archives  |d Cushing: Area Studies/Africana (Does not check out)  |t 0  |e DS126.75 .H46 1982  |f Vertical File  |h Library of Congress classification  |i unmediated -- volume 
998 f f |a DS126.75 .H46 1982  |t 0  |l Cushing: Area Studies/Africana (Does not check out)